000 00405cam a22001097a 4500
008 180718b1973 xxu||||| |||| 00| 0 eng d
082 _aT2065x5451 An24
245 _aBrochure on industries and infrastructure in Andhra Pradesh
_cby Bureau of Economics and Statistics, Andhra Pradesh
260 _aHyderabad
_bThe Author
_c1973
300 _a220p.
700 _aAndhra Pradesh. Bureau of Economics and Statistics
999 _c497309
_d497309